All Teams that have ever played in the Premier League - Statistics

General Stats
  • This quiz has been taken 59 times
    33 since last reset
  • The average score is 41 of 51
Answer Stats
Answer Highest Finish % Correct
Arsenal Champions x3
100%
Blackburn Rovers Champions x1
100%
Chelsea Champions x5
100%
Leicester City Champions x1
100%
Liverpool Champions x1
100%
Manchester City Champions x7
100%
Manchester United Champions x13
100%
Newcastle United 2nd
100%
Tottenham Hotspur 2nd
100%
Crystal Palace 10th
96%
Everton 4th
96%
Nottingham Forest 3rd
96%
Aston Villa 2nd
92%
Leeds United 3rd
92%
Norwich City 3rd
92%
West Ham United 5th
92%
Brighton 8th
88%
Fulham 7th
88%
Luton Town 17th
88%
Sheffield United 9th
88%
Sunderland 7th
88%
Sheffield Wednesday 7th
85%
Southampton 6th
85%
Swansea City 8th
85%
Birmingham City 9th
81%
Brentford 9th
81%
Cardiff City 18th
81%
Derby County 8th
81%
Ipswich Town 5th
81%
West Brom 8th
81%
Wolves 7th
81%
Burnley 7th
77%
Hull City 16th
77%
Stoke City 9th
77%
Watford 11th
77%
Blackpool 19th
73%
Portsmouth 8th
73%
Coventry City 11th
69%
Huddersfield Town 16th
69%
Middlesbrough 7th
69%
QPR 5th
69%
AFC Wimbledon 6th
65%
Wigan Athletic 10th
65%
AFC Bournemouth 9th
62%
Bolton Wanderers 6th
62%
Reading 8th
62%
Bradford City 17th
54%
Charlton Athletic 7th
54%
Barnsley 19th
50%
Oldham Athletic 19th
50%
Swindon Town 22nd
50%
No matching quizzes found
Score Distribution
Percent of People with Each Score
Percentile by Number Answered
Your Score History
You have not taken this quiz since the last reset